| 000 | 00872nam a2200217 4500 | ||
|---|---|---|---|
| 999 |
_c13345 _d13345 |
||
| 008 | 190304b ||||| |||| 00| 0 eng d | ||
| 020 | _a9781119026020 | ||
| 082 |
_22014 _aAV-Eb 158.3 _bR189 |
||
| 100 |
_aRatts, Manivong J. _937283 |
||
| 245 |
_aCounseling for multiculturalism and social justice : _bIntegration, theory, and application/ _cManivong J. Ratts and Paul B. Pedersen. |
||
| 260 |
_bAmerican Counseling Association _c©2014. |
||
| 300 | _a330 pages; | ||
| 500 | _aIncludes index. | ||
| 650 |
_aCounseling psychology -- Moral and ethical aspects. _937284 |
||
| 650 |
_aCross-cultural counseling. _99296 |
||
| 650 |
_aEthnopsychology. _937285 |
||
| 650 |
_aMinorities -- Counseling of. _937286 |
||
| 700 |
_aPedersen, Paul B. _937287 |
||
| 856 | _yhttps://ebookcentral.proquest.com/lib/uniofmindanao-ebooks/detail.action?docID=1889222 | ||
| 942 |
_2ddc _cEB |
||